Normal view
MARC view
- ISLAM-JAHANAM KAY KHOAFNAAK MANAZAR
Entry Topical Term
001 - CONTROL NUMBER
- control field: 79056
003 - CONTROL NUMBER IDENTIFIER
- control field: NUST
005 - DATE AND TIME OF LATEST TRANSACTION
- control field: 20210628210335.0
008 - FIXED-LENGTH DATA ELEMENTS
- fixed length control field: 210628|| aca||aabn | a|a d
040 ## - CATALOGING SOURCE
- Original cataloging agency: NUST
- Transcribing agency: NUST
150 ## - HEADING--TOPICAL TERM
- Topical term or geographic name entry element: ISLAM-JAHANAM KAY KHOAFNAAK MANAZAR
670 ## - SOURCE DATA FOUND
- Source citation: Work cat.: (NUST): Amam Ibn-E-Rajab Humbli 79055, Jahanam kay khoafnaak manazar, 1995
